000
00354nam a2200145Ia 4500
008
180207s9999 xx 000 0 und d
050
_b
P294 2012
245
_a
Patch the dog :
245
_b
a use-your words feeling book /
260
_a
USA :
260
_b
Clever Factory,
260
_c
2012
300
_a
unpaged :
300
_b
color illustration ;
999
_c
355090
_d
355090